000
00264nam a2200109Ia 4500
008
200302s9999 xx 000 0 und d
100
_a
Kaizer Talib
245
_a
Shelter in Saudi Arabia
260
_b
Academy Edition Martins press
260
_c
1984
300
_a
144 P.,
999
_c
773
_d
773